000 00507nam a2200181 a 4500
001 25791
005 20180713224210.0
008 140415s1957 000 0 spa d
041 _aspa
082 _a172.1
_bMAS
100 1 _aMASFERRER, ALBERTO
245 1 0 _aQUE DEBEMOS SABER? :
_bCARTAS A UN OBRERO
250 _a4a ed.
260 _a[s.l.] :
_bDEPARTAMENTO EDITORIAL DEL MINISTERIO DE CULTURA,
_c1957
300 _a83
490 _aBIBLIOTECA POPULAR
_v17
650 1 4 _aETICA SOCIAL
999 _c25791
_d25791